Communes les plus peuplées d'Indre et Loire - Statistiques

Statistiques générales
  • Ce quiz a été pris 140 fois
  • Le résultat moyen est 9 sur 15
Statistiques - réponses
Population (2017) Commune % Correct
135787 Tours
100%
37893 Joué-lès-Tours
89%
8242 Chinon
86%
6277 Loches
82%
12610 Amboise
78%
11578 Chambray-lès-Tours
78%
15838 Saint-Pierre-des-Corps
73%
15025 Saint-Avertin
66%
15960 Saint-Cyr-sur-Loire
64%
10448 La Riche
59%
10307 Fondettes
46%
10666 Montlouis-sur-Loire
37%
7975 Ballan-Miré
32%
6266 Veigné
26%
7794 Monts
24%
Aucun quiz correspondant
Distribution des résultats
% des personnes avec chaque résultat
Percentile par nombre de réponses
Votre historique - résultats
Vous n’avez pas pris ce quiz